| 000 | 00335nam a2200145Ia 4500 | ||
|---|---|---|---|
| 008 | 230711s9999||||xx |||||||||||||| ||und|| | ||
| 041 | _aENG | ||
| 082 |
_a800 _bSH-K |
||
| 100 | _aShoba Singh | ||
| 245 | 0 | _aKala waheguru di | |
| 250 | _a1st Ed. | ||
| 260 |
_c1992 _aNew Delhi _bPradeep publishers |
||
| 650 | _aLiterature | ||
| 942 | _cBK | ||
| 999 |
_c2948 _d2948 |
||